[Event "World Blitz Women 2023"]
[Site "Samarkand UZB"]
[Date "2023.12.30"]
[Round "16.1"]
[White "Buksa, Nataliya"]
[Black "Gvetadze, Sofio"]
[Result "0-1"]
[WhiteElo "2316"]
[BlackElo "2170"]
[EventDate "2023.12.29"]

1. e4 c5 2. b3 Nc6 3. Bb2 d6 4. Bb5 e5 5. Nc3 a6 6. Bxc6+ bxc6 7. Nge2 Ne7
8. d3 Ng6 9. O-O Be7 10. Ng3 O-O 11. Nce2 d5 12. a4 f5 13. exf5 Bxf5 14.
Nxf5 Rxf5 15. Ng3 Rf7 16. Qd2 Qd7 17. Rae1 Bd6 18. Qd1 Raf8 19. Bc1 Nf4 20.
Nh5 Qf5 21. Nxf4 exf4 22. f3 Be5 23. Bd2 Rf6 24. Qe2 Bd4+ 25. Kh1 Rh6 26.
h3 Qg5 27. c3 Bf6 28. Qf2 Qf5 29. Qe2 Bh4 30. Rd1 Re6 31. g4 fxg3 32. Qg2
Rfe8 33. Rfe1 Qxd3 34. Rxe6 Rxe6 35. Re1 Rxe1+ 36. Bxe1 Qd1 37. Qd2 g2+ 38.
Kxg2 Qxe1 39. Qf4 Qe2+ 40. Kh1 Qe7 41. Qf5 g6 42. Qc8+ Kg7 43. Qxc6 Qe1+
44. Kg2 Qe2+ 45. Kg1 Qf2+ 46. Kh1 Qxf3+ 47. Kh2 Bg3+ 48. Kg1 Qf2+ 0-1

[Event "World Blitz Women 2023"]
[Site "Samarkand UZB"]
[Date "2023.12.30"]
[Round "16.3"]
[White "Peycheva, Gergana"]
[Black "Kiolbasa, Oliwia"]
[Result "1/2-1/2"]
[WhiteElo "2216"]
[BlackElo "2313"]
[EventDate "2023.12.29"]

1. d4 Nf6 2. c4 e6 3. Nc3 Bb4 4. Qc2 d5 5. cxd5 exd5 6. Bg5 h6 7. Bh4 O-O
8. e3 c5 9. a3 Bxc3+ 10. bxc3 Re8 11. Nf3 Nc6 12. Bxf6 Qxf6 13. Be2 c4 14.
O-O Bf5 15. Qb2 Rab8 16. Nd2 Qg6 17. Bf3 Qd6 18. Rfe1 b5 19. e4 dxe4 20.
Nxe4 Bxe4 21. Bxe4 a5 22. Re3 b4 23. axb4 axb4 24. Rae1 bxc3 25. Qxc3 Qxd4
26. Qc1 Ne5 27. h3 g6 28. Rd1 Qb2 29. Bd5 Qxc1 30. Rxc1 Rbd8 31. Bxc4 Rc8
32. Rec3 Nxc4 33. Rxc4 Rxc4 34. Rxc4 Kg7 35. Kh2 h5 36. h4 1/2-1/2

[Event "World Blitz Women 2023"]
[Site "Samarkand UZB"]
[Date "2023.12.30"]
[Round "16.4"]
[White "Cori T., Deysi"]
[Black "Pourkashiyan, Atousa"]
[Result "1/2-1/2"]
[WhiteElo "2304"]
[BlackElo "2221"]
[EventDate "2023.12.29"]

1. d4 Nf6 2. Nf3 d5 3. g3 e6 4. Bg2 Be7 5. O-O O-O 6. c4 dxc4 7. Qc2 a6 8.
a4 Bd7 9. Ne5 Bc6 10. Nxc6 Nxc6 11. e3 Na5 12. Nd2 c5 13. dxc5 Rc8 14. Rd1
Qc7 15. c6 b5 16. axb5 axb5 17. b3 cxb3 18. Nxb3 Nxc6 19. Bb2 Qb6 20. Qe2
Rfd8 21. h4 Nd5 22. Bxd5 exd5 23. Rxd5 Rxd5 24. Qg4 Ne5 25. Bxe5 Rxe5 26.
Qxc8+ Bd8 27. Ra8 Re8 28. Qd7 Rf8 29. Nd4 g6 30. h5 b4 31. Qd5 Bf6 32. hxg6
hxg6 33. Ra4 Bxd4 34. exd4 b3 35. Ra1 b2 36. Rb1 Rc8 37. Qe4 Rc1+ 38. Kh2
Rxb1 39. Qxb1 Qb3 40. d5 Qc3 41. d6 Qc1 42. d7 Qxb1 43. d8=Q+ Kh7 44. Qh4+
Kg7 45. Qd4+ Kg8 46. Qd8+ Kg7 47. Qd4+ f6 48. Qd7+ Kh6 49. Qh3+ Kg7 50.
Qd7+ Kf8 51. Qd8+ Kf7 52. Qd7+ Kg8 53. Qd8+ Kg7 54. Qd7+ Kh6 55. Qh3+ Kg7
56. Qd7+ 1/2-1/2

[Event "World Blitz Women 2023"]
[Site "Samarkand UZB"]
[Date "2023.12.30"]
[Round "16.6"]
[White "Badelka, Olga"]
[Black "Rudzinska, Michalina"]
[Result "1-0"]
[WhiteElo "2262"]
[BlackElo "2113"]
[EventDate "2023.12.29"]

1. d4 Nf6 2. c4 c5 3. Nf3 cxd4 4. Nxd4 e6 5. Nc3 a6 6. e4 Bb4 7. Bd3 Qc7 8.
O-O O-O 9. Bg5 Nc6 10. Nxc6 dxc6 11. Bxf6 gxf6 12. Qf3 Bxc3 13. bxc3 Qe5
14. Rac1 Qg5 15. Qe2 e5 16. c5 Be6 17. Rcd1 Rad8 18. Bc4 Bh3 19. f3 Be6 20.
Bxe6 fxe6 21. Rd6 Rxd6 22. cxd6 Qg7 23. Rd1 Rd8 24. c4 Rd7 25. c5 Qf8 26.
Qc4 Kf7 27. g3 Qd8 28. Rf1 b6 29. f4 exf4 30. Rxf4 bxc5 31. e5 Qe8 32.
Rxf6+ Kg7 33. Qg4+ Kh8 34. Rxe6 Qd8 35. Qh5 1-0

[Event "World Blitz Women 2023"]
[Site "Samarkand UZB"]
[Date "2023.12.30"]
[Round "16.7"]
[White "Mamedjarova, Turkan"]
[Black "Mammadova, Gulnar"]
[Result "1/2-1/2"]
[WhiteElo "2175"]
[BlackElo "2247"]
[EventDate "2023.12.29"]

1. d4 d6 2. c4 e5 3. e3 Nf6 4. Nc3 exd4 5. exd4 d5 6. Nf3 c6 7. c5 b6 8.
cxb6 axb6 9. Bd3 Bb4 10. O-O O-O 11. Bg5 h6 12. Bh4 Bxc3 13. bxc3 Bg4 14.
h3 Bh5 1/2-1/2

[Event "World Blitz Women 2023"]
[Site "Samarkand UZB"]
[Date "2023.12.30"]
[Round "16.8"]
[White "Nurgali, Nazerke"]
[Black "Matnadze Bujiashvili, Ann"]
[Result "0-1"]
[WhiteElo "2068"]
[BlackElo "2428"]
[EventDate "2023.12.29"]

1. d4 g6 2. Nf3 Bg7 3. c4 c6 4. e4 d5 5. cxd5 cxd5 6. e5 Nc6 7. Nc3 Nh6 8.
Be2 Nf5 9. g4 Nh6 10. h3 f6 11. exf6 exf6 12. Be3 Nf7 13. Qd2 Be6 14. O-O-O
Rc8 15. Kb1 O-O 16. Rdg1 Nd6 17. Bd3 Na5 18. b3 Nc6 19. Bh6 Nb4 20. Bxg7
Kxg7 21. Kb2 Re8 22. a3 Nxd3+ 23. Qxd3 Ne4 24. Nd1 a5 25. Nd2 a4 26. b4 Qc7
27. Ne3 Nxf2 28. Qc2 Qxc2+ 29. Nxc2 Nxh1 30. Rxh1 Bd7 31. Nb1 Re2 32. Nc3
Rg2 33. Rc1 Rg3 34. Nxd5 Be6 35. Nb6 Rb3+ 36. Ka1 Rxa3+ 37. Nxa3 Rxc1+ 38.
Kb2 Rh1 39. d5 Bf7 40. d6 Rh2+ 41. Kc1 Be6 42. d7 Bxd7 43. Nxd7 Rxh3 44.
Nc4 Rg3 45. Na5 Rxg4 46. b5 h5 47. b6 h4 48. Nxb7 h3 49. Nd8 h2 50. Ne6+
Kh6 0-1

[Event "World Blitz Women 2023"]
[Site "Samarkand UZB"]
[Date "2023.12.30"]
[Round "16.9"]
[White "Krush, Irina"]
[Black "Ovezdurdyyeva, Jemal"]
[Result "0-1"]
[WhiteElo "2359"]
[BlackElo "2086"]
[EventDate "2023.12.29"]

1. d4 Nf6 2. c4 g6 3. Nc3 Bg7 4. e4 d6 5. Be2 Nbd7 6. Nf3 O-O 7. O-O e5 8.
Be3 a5 9. d5 Nc5 10. Nd2 Ne8 11. Nb3 b6 12. Nxc5 dxc5 13. Nb5 Bd7 14. Qd2
Bxb5 15. cxb5 Nd6 16. f3 a4 17. b4 axb3 18. axb3 Qd7 19. b4 c4 20. Qc3 Qxb5
21. Rfc1 Rxa1 22. Rxa1 f5 23. Rc1 fxe4 24. fxe4 Qd7 25. Bxc4 Nxe4 26. Qb3
Nd6 27. Be2 e4 28. Qc2 Rf7 29. Qc6 Qxc6 30. Rxc6 Nf5 31. Bf2 e3 32. Be1 Nd4
33. Bc4 e2 34. d6 Nxc6 35. dxc7 Bd4+ 36. Kh1 Ne7 37. h3 Be5 38. Bxf7+ Kxf7
0-1

[Event "World Blitz Women 2023"]
[Site "Samarkand UZB"]
[Date "2023.12.30"]
[Round "16.10"]
[White "Beydullayeva, Govhar"]
[Black "Khamdamova, Afruza"]
[Result "0-1"]
[WhiteElo "2132"]
[BlackElo "2295"]
[EventDate "2023.12.29"]

1. Nf3 Nf6 2. g3 d5 3. Bg2 c5 4. O-O Nc6 5. d4 e6 6. c4 dxc4 7. dxc5 Qxd1
8. Rxd1 Bxc5 9. Nbd2 c3 10. bxc3 O-O 11. Nb3 Be7 12. Nfd4 Bd7 13. Nxc6 Bxc6
14. Bxc6 bxc6 15. Be3 Ne4 16. Rac1 Rfd8 17. Rxd8+ Rxd8 18. f3 Nf6 19. c4 h5
20. Na5 Rc8 21. Bxa7 Bb4 22. Bb6 Nd7 23. c5 Nxb6 24. cxb6 Bxa5 25. b7 Rb8
26. Rb1 Kf8 27. e4 Ke7 28. Kf2 Kd7 29. Ke3 Kc7 30. Kf4 Rxb7 31. Rd1 Rb2 32.
h4 Bd2+ 33. Ke5 Be3 0-1

[Event "World Blitz Women 2023"]
[Site "Samarkand UZB"]
[Date "2023.12.30"]
[Round "16.11"]
[White "Serikbay, Assel"]
[Black "Fataliyeva, Ulviyya"]
[Result "1/2-1/2"]
[WhiteElo "2126"]
[BlackElo "2268"]
[EventDate "2023.12.29"]

1. e4 e5 2. Nf3 Nc6 3. Bb5 a6 4. Ba4 Nf6 5. d3 b5 6. Bb3 Bc5 7. O-O d6 8.
c3 O-O 9. h3 h6 10. Nbd2 Be6 11. Bc2 d5 12. exd5 Bxd5 13. Re1 Re8 14. Nf1
e4 15. dxe4 Bxe4 16. Be3 Qxd1 17. Bxd1 Bd6 18. N1d2 Bh7 19. Nb3 Nd5 20. Bc5
Rxe1+ 21. Nxe1 Re8 22. Nf3 Bxc5 23. Nxc5 a5 24. a4 b4 25. Bb3 bxc3 26. bxc3
Nxc3 27. Kf1 Nb4 28. Rc1 Ncd5 29. g3 g5 30. Nd4 Kg7 31. Kg2 f5 32. Nc6 Nxc6
33. Bxd5 Nb4 34. Bb3 c6 35. Ne6+ Kf6 36. Nd4 f4 37. Rc5 Be4+ 38. f3 Bd5 39.
Bxd5 cxd5 40. Rxa5 Rc8 41. gxf4 gxf4 42. Rb5 Rc4 43. Ne2 Rc2 44. Rxb4 Rxe2+
45. Kf1 Rh2 46. Rxf4+ Ke5 47. Rh4 d4 48. Ke1 Ra2 49. a5 Ra1+ 50. Kd2 Ra2+
51. Kd3 Ra3+ 52. Kd2 Ra2+ 53. Kd3 Ra3+ 54. Ke2 Ra2+ 55. Kd3 Ra3+ 56. Ke2
Ra2+ 57. Kd3 1/2-1/2

[Event "World Blitz Women 2023"]
[Site "Samarkand UZB"]
[Date "2023.12.30"]
[Round "16.12"]
[White "Batsiashvili, Nino"]
[Black "Zhao, Shengxin"]
[Result "1-0"]
[WhiteElo "2233"]
[BlackElo "2079"]
[EventDate "2023.12.29"]

1. d4 Nf6 2. c4 e6 3. Nc3 Bb4 4. Nf3 O-O 5. Bg5 h6 6. Bh4 d5 7. e3 Nbd7 8.
Qc2 c6 9. cxd5 exd5 10. Bd3 Re8 11. O-O Be7 12. Rab1 Ne4 13. Bxe7 Qxe7 14.
b4 a6 15. a4 Ndf6 16. b5 axb5 17. axb5 c5 18. dxc5 Nxc5 19. Nd4 Nxd3 20.
Qxd3 Be6 21. b6 Rec8 22. Rfc1 g6 23. Ncb5 Rxc1+ 24. Rxc1 Ra6 25. Nxe6 Qxe6
26. Nc7 Qc8 27. Rb1 Ra5 28. Qc3 Qf5 29. Rf1 Ra2 30. Qb3 Rd2 31. Qb4 Rc2 32.
Qd6 Rc6 33. Qd8+ Kg7 34. Nb5 Qe5 35. Nd4 Rd6 36. Qc7 Rd7 1-0

[Event "World Blitz Women 2023"]
[Site "Samarkand UZB"]
[Date "2023.12.30"]
[Round "16.13"]
[White "Poliakova, Varvara"]
[Black "Hejazipour, Mitra"]
[Result "0-1"]
[WhiteElo "2049"]
[BlackElo "2228"]
[EventDate "2023.12.29"]

1. e4 c5 2. Nf3 e6 3. d4 cxd4 4. Nxd4 Nc6 5. Nc3 Qc7 6. Be3 a6 7. a4 Nf6 8.
Be2 Bb4 9. f3 d5 10. Nxc6 bxc6 11. O-O O-O 12. exd5 exd5 13. Bd4 Qf4 14. g3
Qh6 15. Qc1 Qg6 16. Bd3 Bf5 17. Bxf5 Qxf5 18. Qd2 Rad8 19. Rae1 c5 20. Bxf6
Qxf6 21. Qd3 c4 22. Qe2 Qb6+ 23. Kg2 d4 24. Ne4 Bxe1 25. Qxe1 Qxb2 26. Rf2
Qa3 27. f4 Qxa4 28. f5 f6 29. Kg1 Rfe8 30. Re2 d3 31. Re3 dxc2 32. Nc5 Rxe3
33. Qxe3 Qa1+ 0-1

[Event "World Blitz Women 2023"]
[Site "Samarkand UZB"]
[Date "2023.12.30"]
[Round "16.14"]
[White "Berend, Elvira"]
[Black "Hajiyeva, Laman"]
[Result "1-0"]
[WhiteElo "2202"]
[BlackElo "2076"]
[EventDate "2023.12.29"]

1. e4 c6 2. d4 d5 3. Nc3 dxe4 4. Nxe4 Nf6 5. Ng3 g6 6. h3 Bg7 7. Nf3 h5 8.
Bd3 Nbd7 9. c3 Qc7 10. O-O O-O 11. Re1 Nb6 12. Bg5 Be6 13. Ne5 Bd7 14. Qd2
c5 15. Bh6 c4 16. Bc2 Nbd5 17. Bxg7 Kxg7 18. Qg5 Nh7 19. Nxh5+ Kh8 20. Qh6
1-0

[Event "World Blitz Women 2023"]
[Site "Samarkand UZB"]
[Date "2023.12.30"]
[Round "16.15"]
[White "Aydin, Gulenay"]
[Black "Ovod, Evgenija"]
[Result "0-1"]
[WhiteElo "2009"]
[BlackElo "2151"]
[EventDate "2023.12.29"]

1. e4 e5 2. Nf3 Nc6 3. Nc3 Nf6 4. d4 exd4 5. Nxd4 Bb4 6. Nxc6 bxc6 7. Bd3
d5 8. exd5 cxd5 9. O-O O-O 10. h3 h6 11. Qf3 c6 12. Bf4 Bd6 13. Ne2 Rb8 14.
b3 Bb7 15. Rad1 c5 16. Qg3 Nh5 17. Qg4 Nxf4 18. Nxf4 Qg5 19. Qxg5 hxg5 20.
Nxd5 Bxd5 21. Ba6 Rfd8 22. Rxd5 Bh2+ 23. Kxh2 Rxd5 24. Bd3 Re8 25. a4 Rde5
26. Rd1 Re1 27. Rd2 g6 28. Bb5 R8e7 29. Rd8+ Kg7 30. Bc4 Rc1 31. Bd3 c4 32.
bxc4 Ra1 33. c5 Rxa4 34. Rd5 g4 35. hxg4 Rxg4 36. g3 Rb4 37. Rd6 Rc7 38. c6
Rb6 39. Be4 a5 40. c4 a4 41. c5 Ra6 42. Rd7 Raa7 43. Rd2 a3 44. Ra2 Kf6 45.
Kg2 Ke5 46. Kf3 f5 47. Bd3 Rxc6 48. Re2+ Kf6 49. Bc4 Rxc5 50. Ba2 Rc6 51.
Kg2 Rb6 52. Re8 Rb2 53. Rf8+ Kg7 54. Rg8+ Kh7 55. Bd5 a2 56. Bxa2 Raxa2 57.
Rd8 Rxf2+ 58. Kh3 Rh2# 0-1

[Event "World Blitz Women 2023"]
[Site "Samarkand UZB"]
[Date "2023.12.30"]
[Round "16.16"]
[White "Padmini, Rout"]
[Black "Yakimova, Mariya"]
[Result "1-0"]
[WhiteElo "2302"]
[BlackElo "2098"]
[EventDate "2023.12.29"]

1. e4 c5 2. Nf3 d6 3. d4 cxd4 4. Nxd4 Nf6 5. Nc3 Nc6 6. Be2 e5 7. Nb3 Be7
8. O-O O-O 9. Be3 Be6 10. Qd2 a6 11. a4 d5 12. exd5 Nxd5 13. Nxd5 Bxd5 14.
Nc5 Nd4 15. Bxd4 exd4 16. Nd3 Bg5 17. f4 Bf6 18. Bf3 Rc8 19. Rae1 Qd7 20.
b3 Be6 21. Ne5 Qc7 22. Be4 Rfd8 23. Bd3 h6 24. Qf2 Rd5 25. Qg3 Rc5 26. Ng4
Qd8 27. f5 Bh4 28. Nxh6+ Kf8 29. Qh3 Bxe1 30. fxe6 Qg5 31. Nxf7 Qe3+ 32.
Qxe3 dxe3 33. Nd6+ Kg8 34. Rxe1 R8c6 35. e7 1-0

[Event "World Blitz Women 2023"]
[Site "Samarkand UZB"]
[Date "2023.12.30"]
[Round "16.17"]
[White "Yan, Tianqi"]
[Black "Tokhirjonova, Gulrukhbegim"]
[Result "1-0"]
[WhiteElo "2086"]
[BlackElo "2265"]
[EventDate "2023.12.29"]

1. e4 e5 2. Nf3 Nc6 3. Bb5 a6 4. Ba4 Nf6 5. O-O Be7 6. d3 b5 7. Bb3 d6 8.
c3 O-O 9. Re1 Be6 10. Bc2 h6 11. Nbd2 Nh7 12. d4 exd4 13. cxd4 Nb4 14. Bb1
a5 15. a3 Na6 16. e5 c5 17. Qc2 g6 18. Ne4 Bf5 19. exd6 Bxd6 20. Bxh6 Re8
21. Qc3 b4 22. axb4 cxd4 23. Qxd4 Bxb4 24. Qg7# 1-0

[Event "World Blitz Women 2023"]
[Site "Samarkand UZB"]
[Date "2023.12.30"]
[Round "16.18"]
[White "Rakshitta, Ravi"]
[Black "Druzhinina, Olga"]
[Result "1-0"]
[WhiteElo "2225"]
[BlackElo "2055"]
[EventDate "2023.12.29"]

1. e4 c5 2. Nf3 d6 3. Nc3 Nf6 4. e5 dxe5 5. Nxe5 a6 6. g3 e6 7. Bg2 Bd6 8.
Nc4 Be7 9. a4 O-O 10. a5 Nbd7 11. O-O Ra7 12. d4 b5 13. axb6 Nxb6 14. Nxb6
Qxb6 15. Na4 Qc7 16. Bf4 Qd8 17. Nxc5 Nd5 18. Bd2 a5 19. c4 Nf6 20. Be3 Ba6
21. b3 Qc7 22. Qd2 Bxc5 23. dxc5 Qc8 24. c6 Ra8 25. Qxa5 Rd8 26. c7 1-0

[Event "World Blitz Women 2023"]
[Site "Samarkand UZB"]
[Date "2023.12.30"]
[Round "16.19"]
[White "Yu, Jennifer"]
[Black "Getman, Tatyana"]
[Result "1/2-1/2"]
[WhiteElo "2197"]
[BlackElo "2014"]
[EventDate "2023.12.29"]

1. c4 e6 2. Nc3 d5 3. d4 Nf6 4. cxd5 exd5 5. Bg5 Bb4 6. e3 h6 7. Bxf6 Qxf6
8. Qb3 Bxc3+ 9. bxc3 c6 10. Nf3 O-O 11. c4 dxc4 12. Bxc4 Nd7 13. O-O Nb6
14. Bd3 Be6 15. Qc2 Rfd8 16. a4 Nd5 17. Rab1 Rab8 18. a5 Rdc8 19. Rfc1 Qe7
20. Ne5 Nb4 21. Qd2 Nxd3 22. Qxd3 Qd6 23. Rc3 Bd5 24. e4 Be6 25. Qe3 Rd8
26. Nf3 Bg4 27. Rc4 Bxf3 28. Qxf3 b5 29. axb6 axb6 30. Rbc1 b5 31. Rxc6
Qxd4 32. Rc7 Rf8 33. h3 b4 34. R7c4 Qd2 35. Qb3 Rfd8 36. Rc7 Qf4 37. g3 Qf6
38. Ra7 Qe6 39. Qxe6 fxe6 40. Rcc7 b3 41. Rxg7+ Kf8 42. Raf7+ Ke8 43. Rb7
Kf8 44. Rgf7+ Kg8 45. Rg7+ Kf8 46. Rbf7+ Ke8 47. Rb7 Kf8 48. Rh7 Kg8 49.
Rhg7+ 1/2-1/2

[Event "World Blitz Women 2023"]
[Site "Samarkand UZB"]
[Date "2023.12.30"]
[Round "16.20"]
[White "Velpula, Sarayu"]
[Black "Abdulla, Khayala"]
[Result "1-0"]
[WhiteElo "1747"]
[BlackElo "2118"]
[EventDate "2023.12.29"]

1. e4 e5 2. Nf3 Nc6 3. Bb5 a6 4. Ba4 d6 5. O-O Bd7 6. c4 g6 7. Nc3 Bg7 8.
Bxc6 bxc6 9. d4 exd4 10. Nxd4 Ne7 11. Bg5 O-O 12. Qd2 Rb8 13. b3 Re8 14.
Rfe1 Qc8 15. h3 a5 16. Nf3 Be6 17. Rac1 Qb7 18. Bh6 Bh8 19. Na4 Qb4 20. c5
Qxd2 21. Bxd2 Ra8 22. Bf4 Red8 23. Red1 Bb2 24. Nxb2 1-0

[Event "World Blitz Women 2023"]
[Site "Samarkand UZB"]
[Date "2023.12.30"]
[Round "16.21"]
[White "Zhu, Chen"]
[Black "Franco Valencia, Angela"]
[Result "1-0"]
[WhiteElo "2379"]
[BlackElo "2048"]
[EventDate "2023.12.29"]

1. d4 f5 2. g3 Nf6 3. Bg2 g6 4. Nf3 Bg7 5. O-O O-O 6. c4 d6 7. Nc3 c6 8. d5
Kh8 9. Qc2 cxd5 10. cxd5 Bd7 11. e4 fxe4 12. Ng5 Na6 13. Ngxe4 Bf5 14. Qe2
Nb4 15. Nxf6 Bxf6 16. Bh6 Re8 17. Rad1 Qd7 18. a3 Na6 19. Ne4 Be5 20. b4
Rac8 21. Ng5 Bf6 22. Rfe1 Rc2 23. Qe3 Rc3 24. Qxa7 Rec8 25. Ne6 Bxe6 26.
Rxe6 Rxa3 27. Bh3 Ra1 28. Rxa1 Bxa1 29. Kg2 Qe8 30. Re1 Ra8 31. Qxb7 Bf6
32. Bd7 Qb8 33. Bc6 Nxb4 34. Qxa8 Qxa8 35. Bxa8 g5 36. f4 gxf4 37. Rb1 f3+
38. Kxf3 Na6 39. Rb6 1-0

[Event "World Blitz Women 2023"]
[Site "Samarkand UZB"]
[Date "2023.12.30"]
[Round "16.22"]
[White "Bobomurodova, Maftuna"]
[Black "Yakubbaeva, Nilufar"]
[Result "1/2-1/2"]
[WhiteElo "1814"]
[BlackElo "2237"]
[EventDate "2023.12.29"]

1. e4 c6 2. d4 d5 3. Nd2 dxe4 4. Nxe4 Nf6 5. Nxf6+ gxf6 6. Nf3 Bf5 7. g3 e6
8. Bg2 Nd7 9. Bf4 Qa5+ 10. Bd2 Qc7 11. Bf4 Qa5+ 12. Bd2 Qc7 13. Bf4 Qa5+
1/2-1/2

[Event "World Blitz Women 2023"]
[Site "Samarkand UZB"]
[Date "2023.12.30"]
[Round "16.23"]
[White "Soumya, Swaminathan"]
[Black "Hamrakulova, Yulduz"]
[Result "1-0"]
[WhiteElo "2154"]
[BlackElo "1908"]
[EventDate "2023.12.29"]

1. e4 c6 2. d4 d5 3. e5 Bf5 4. c4 e6 5. Nc3 dxc4 6. Bxc4 Nd7 7. Nge2 Ne7 8.
h4 h5 9. Ng3 Bg6 10. Bg5 Qb6 11. O-O Nf5 12. Nxf5 Bxf5 13. Na4 Qa5 14. Bb3
Be7 15. Bxe7 Kxe7 16. Qc1 Kf8 17. Nc5 Nxc5 18. dxc5 Rd8 19. Qe3 1-0

[Event "World Blitz Women 2023"]
[Site "Samarkand UZB"]
[Date "2023.12.30"]
[Round "16.24"]
[White "Kairbekova, Amina"]
[Black "Shohradova, Leyla"]
[Result "0-1"]
[WhiteElo "2131"]
[BlackElo "1882"]
[EventDate "2023.12.29"]

1. e4 e6 2. d4 d5 3. Nc3 Bb4 4. e5 c5 5. a3 Bxc3+ 6. bxc3 Ne7 7. Qg4 Qc7 8.
Bd3 cxd4 9. Ne2 dxc3 10. Qxg7 Rg8 11. Qxh7 Nbc6 12. Bf4 Bd7 13. O-O O-O-O
14. Bg3 Nxe5 15. Qh5 f5 16. Nf4 N7c6 17. Rfe1 Rde8 18. Bb5 Qa5 19. a4 a6
20. Bxc6 Nxc6 21. Nd3 Nd4 22. Qh4 Nxc2 23. Qf4 Rxg3 24. hxg3 Nxe1 25. Rxe1
Qxa4 26. Qe5 Qc4 27. Nf4 Qc7 28. Qe3 b5 29. Nd3 a5 30. Ra1 b4 31. Ne5 Bb5
32. g4 Qd6 33. f4 d4 34. Qf3 Kc7 35. gxf5 exf5 36. Rxa5 Qb6 37. Ra1 d3+ 38.
Qf2 Qxf2+ 39. Kxf2 c2 40. Ra7+ Kb6 41. Ra1 b3 42. Rh1 b2 43. Rh6+ Ka5 0-1

[Event "World Blitz Women 2023"]
[Site "Samarkand UZB"]
[Date "2023.12.30"]
[Round "16.25"]
[White "Allahverdiyeva, Ayan"]
[Black "Kazarian, Anna-Maja"]
[Result "1-0"]
[WhiteElo "1852"]
[BlackElo "2023"]
[EventDate "2023.12.29"]

1. e4 e6 2. d4 d5 3. Nd2 Nf6 4. e5 Nfd7 5. Bd3 c5 6. c3 Nc6 7. Ne2 cxd4 8.
cxd4 f6 9. exf6 Qxf6 10. Nf3 h6 11. O-O Bd6 12. Re1 O-O 13. Ng3 Rd8 14. a3
Nf8 15. Nh5 Qf7 16. Ne5 Nxe5 17. dxe5 Bc5 18. Be3 d4 19. Bxh6 gxh6 20. Re4
Kh8 21. Rg4 Qc7 22. Qd2 Nh7 23. Rg7 Qxg7 24. Nxg7 Kxg7 25. Qf4 Be7 26. Qg4+
Kh8 27. Qg6 Ng5 28. Qxh6+ Kg8 29. h4 Nf7 30. Qh7+ Kf8 31. Bg6 Bf6 32. Qxf7#
1-0

[Event "World Blitz Women 2023"]
[Site "Samarkand UZB"]
[Date "2023.12.30"]
[Round "16.26"]
[White "Shohradova, Lala"]
[Black "Kaliakhmet, Elnaz"]
[Result "1-0"]
[WhiteElo "1983"]
[BlackElo "1839"]
[EventDate "2023.12.29"]

1. d4 Nf6 2. c4 e6 3. Nc3 Bb4 4. Nf3 O-O 5. Qc2 d5 6. Bg5 h6 7. Bxf6 Qxf6
8. e3 c5 9. cxd5 exd5 10. Bd3 Nc6 11. O-O Rd8 12. a3 Ba5 13. dxc5 Bg4 14.
Nd2 d4 15. Nce4 Qh4 16. b4 Bc7 17. g3 Qh5 18. Rfe1 Ne5 19. Bf1 d3 20. Qb3
Bf3 21. h4 Bxe4 22. Nxe4 Nf3+ 23. Kg2 Nxe1+ 24. Rxe1 d2 25. Rd1 Qe5 26.
Nxd2 Rd7 27. Nf3 Qe7 28. Nd4 Rad8 29. Bb5 Rd5 30. Bc4 R5d7 31. Bb5 Rd5 32.
Bc4 Re5 33. Nf3 Rxd1 34. Nxe5 Rd2 35. Bxf7+ Kh7 36. Bg6+ Kh8 37. Nf7+ Kg8
38. Nxh6+ 1-0

[Event "World Blitz Women 2023"]
[Site "Samarkand UZB"]
[Date "2023.12.30"]
[Round "16.27"]
[White "Altynbek, Aiaru"]
[Black "Savitha, Shri B"]
[Result "1/2-1/2"]
[WhiteElo "1641"]
[BlackElo "2183"]
[EventDate "2023.12.29"]

1. d4 c5 2. d5 d6 3. e4 e6 4. Nf3 Nf6 5. Nc3 exd5 6. exd5 g6 7. Be2 Bg7 8.
O-O O-O 9. Bg5 h6 10. Bh4 a6 11. a4 Nbd7 12. Bg3 Ne8 13. Ne4 f5 14. Nxd6 f4
15. Nxe8 Qxe8 16. Bh4 g5 17. Nxg5 hxg5 18. Bxg5 Qe5 19. h4 Nf6 20. d6 Be6
21. Re1 Bd5 22. Bxf6 Bxf6 23. Bc4 Qxe1+ 24. Qxe1 Bxc4 25. Qe4 b5 26. axb5
Bxb5 27. h5 Bxb2 28. Qg6+ Kh8 29. Qh6+ Kg8 30. Qg6+ Kh8 31. Qh6+ Kg8 32.
Qg6+ Bg7 33. h6 Ra7 34. hxg7 Rxg7 35. Qe6+ Kh8 36. Qh6+ Kg8 37. Qe6+ Kh8
38. Qh6+ Rh7 39. Qe6 Rg7 40. Qh6+ Rh7 41. Qe6 Bd7 42. Qe5+ Rg7 43. Qh5+ Kg8
44. Qd5+ Kh8 45. Qh5+ Rh7 46. Qe5+ Kg8 47. Qg5+ Rg7 48. Qd5+ Kh8 49. Qh5+
Kg8 50. Qd5+ Kh8 51. Qh5+ Kg8 52. Qd5+ Kh8 53. Qh5+ Kg8 54. Qd5+ Kh8 55.
Qh5+ Rh7 56. Qe5+ Kg8 57. Qg5+ Rg7 58. Qd5+ Rgf7 59. Qg5+ Kh8 60. Qh5+ Kg7
61. Qg5+ Kh8 62. Qh6+ Kg8 63. Qg5+ Rg7 64. Qd5+ Kh7 65. Qh5+ Kg8 66. Qd5+
Rgf7 1/2-1/2

[Event "World Blitz Women 2023"]
[Site "Samarkand UZB"]
[Date "2023.12.30"]
[Round "16.28"]
[White "Karimova, Guldona"]
[Black "Kurmangaliyeva, Liya"]
[Result "1-0"]
[WhiteElo "1547"]
[BlackElo "2077"]
[EventDate "2023.12.29"]

1. d4 d5 2. c4 e6 3. Nc3 Nf6 4. Bg5 Be7 5. e3 h6 6. Bh4 O-O 7. Nf3 c6 8.
Rc1 Nbd7 9. Bd3 dxc4 10. Bxc4 b5 11. Bd3 Bb7 12. O-O Rc8 13. Bxf6 Nxf6 14.
Ne4 Nxe4 15. Bxe4 Qb6 16. Ne5 Rc7 17. Qf3 Bd6 18. Bxc6 Bxe5 19. Bxb7 Bxh2+
20. Kxh2 Rxb7 21. Rc6 Qa5 22. Rfc1 Rbb8 23. a3 b4 24. R6c5 Qd8 25. a4 b3
26. a5 Rb4 27. Qc6 Rb8 28. Qc7 Qh4+ 29. Kg1 a6 30. Qd6 Ra8 31. Rc6 Rfd8 32.
Qb4 Rdb8 33. Qc4 Qg4 34. Rxa6 Rxa6 35. Qxa6 h5 36. Qa7 Rf8 37. Qb6 h4 38.
f3 Qg5 39. Qxb3 h3 40. Rc2 hxg2 41. Rxg2 Qxa5 42. Qc3 Qb5 43. d5 f6 44.
dxe6 Re8 45. Qc7 g5 46. Qf7+ Kh8 47. Qxf6+ Kh7 48. Qf7+ Kh8 49. Rh2# 1-0

[Event "World Blitz Women 2023"]
[Site "Samarkand UZB"]
[Date "2023.12.30"]
[Round "16.29"]
[White "Nadirjanova, Nodira"]
[Black "Kurbonboeva, Sarvinoz"]
[Result "1-0"]
[WhiteElo "2164"]
[BlackElo "2054"]
[EventDate "2023.12.29"]

1. d4 d5 2. Bf4 Nf6 3. e3 Bf5 4. c4 c6 5. Qb3 Qb6 6. c5 Qxb3 7. axb3 Nbd7
8. Nc3 Nh5 9. Bc7 e5 10. b4 exd4 11. exd4 Be7 12. h3 Bg6 13. Nf3 O-O 14. b5
Bd8 15. Bd6 Re8+ 16. Kd2 Be7 17. Bh2 Nhf6 18. bxc6 bxc6 19. Ba6 Ne4+ 20.
Nxe4 dxe4 21. Ne1 Bg5+ 22. Ke2 Nf6 23. Nc2 Nd5 24. Bb7 Rad8 25. Bxc6 e3 26.
Nxe3 Nxe3 27. Bxe8 Rxe8 28. fxe3 Rxe3+ 29. Kf2 Rd3 30. Rhd1 Rb3 31. Rxa7
Rxb2+ 32. Kg1 Be3+ 33. Kf1 Bh5 34. Ra8+ 1-0